Score 0/30 Timer 04:00
0 Plays Today
% Correct
Russia
88.9%
India
86.4%
Scotland
79.9%
Venice
64.3%
Brazil
64.3%
England
50.6%
Panama
48.3%
Manhattan
46.5%
China
36.5%
Mesopotamia
35.4%
Alexandria
33.3%
Samarra
28.7%
Arctic
27.3%
Cairo
23.7%
Persia
23.6%
% Correct
Prague
19.8%
Kabul
19.6%
Brooklyn
19.1%
Africa
19%
Warsaw
18.3%
Maine
18.3%
Paris
17.2%
Ireland
17.2%
Pittsburgh
15.7%
Iceland
15.4%
Beverly Hills
12.9%
Lisbon
11.6%
Accra
11.1%
Miami
9.9%
Memphis
9.1%
Remove Ads.
Support Sporcle.
Get the best of Sporcle when you Go Orange. This ad-free experience offers more features, more stats, and more fun while also helping to support Sporcle. Thank you for becoming a member.

You're not logged in!

Compare scores with friends on all Sporcle quizzes.
OR
Log In

Show Comments

Extras

Top Quizzes Today


Score Distribution

Your Account Isn't Verified!

In order to create a playlist on Sporcle, you need to verify the email address you used during registration. Go to your Sporcle Settings to finish the process.

Report this User

Report this user for behavior that violates our Community Guidelines.

Details: